[Event "Muensterland Verbandsklasse Gr1 2223"]
[Site "Germany"]
[Date "2022.09.17"]
[Round "1.6"]
[White "Weise, Andreas"]
[Black "Welling, Konrad"]
[Result "1-0"]
[WhiteElo "1677"]
[BlackElo "1647"]
[PlyCount "39"]
[EventDate "2022.09.17"]
[EventType "team-tourn"]
[EventRounds "5"]
[EventCountry "GER"]
[SourceTitle "EXT 2024"]
[Source "ChessBase"]
[SourceDate "2023.10.10"]
[SourceVersion "1"]
[SourceVersionDate "2023.10.10"]
[SourceQuality "1"]
[WhiteTeam "Duelmen II"]
[BlackTeam "Bocholt II"]
[WhiteTeamCountry "GER"]
[BlackTeamCountry "GER"]

1. e4 e6 2. d4 d5 3. exd5 exd5 4. Bd3 Nc6 5. c3 Bd6 6. Nf3 Bg4 7. 0-0 Nge7 8. h3 Bh5 9. Re1 Qd7 10. a4 0-0-0 11. b4 g5 12. b5 Na5 13. Ba3 Bxf3 14. Qxf3 h5 15. Qf6 Rde8 16. Bxd6 cxd6 17. Nd2 g4 18. h4 Rhg8 19. Re3 Ng6 20. Bf5 1-0